[Event "Gibraltar Challenger op-A"]
[Site "Caleta"]
[Date "2017.01.26"]
[Round "4"]
[White "Elishev, Ivan"]
[Black "Lawson, Dominic Ralph"]
[Result "1-0"]
[WhiteElo "2143"]
[BlackElo "2027"]
[PlyCount "83"]
[EventDate "2017.01.23"]
[EventType "swiss"]
[EventRounds "5"]
[EventCountry "GGB"]
[SourceTitle "CBM 176 Extra"]
[Source "ChessBase"]
[SourceDate "2017.03.02"]
[SourceVersion "1"]
[SourceVersionDate "2017.03.02"]
[SourceQuality "1"]

1. e4 e5 2. d4 exd4 3. Qxd4 Nc6 4. Qe3 Nf6 5. Bd2 Be7 6. Nc3 0-0 7. Bc4 Re8 8. Nf3 Nxe4 9. Nxe4 d5 10. 0-0-0 dxc4 11. Rhe1 Be6 12. Bc3 Qc8 13. Qf4 Nb4 14. Kb1 f6 15. Qg3 Kf8 16. Qh4 Kg8 17. Qg3 Kh8 18. Nd4 Nd5 19. f4 Nxc3+ 20. Nxc3 Bf7 21. f5 Bd6 22. Qh3 Be5 23. Re4 g5 24. Qh6 c5 25. Rxe5 fxe5 26. Qf6+ Kg8 27. Qxg5+ Kh8 28. Ndb5 Rg8 29. Qf6+ Rg7 30. Ne4 Kg8 31. Ng5 Qc6 32. Nd6 Rf8 33. Ne6 Bxe6 34. Qxe6+ Kh8 35. f6 Rg6 36. Nf7+ Rxf7 37. Qxf7 Qxf6 38. Qxb7 Rg7 39. Qe4 Qf4 40. Qc6 e4 41. Qe6 h6 42. g3 1-0